=LDR 00000nam 2200000 4500 =001 INLIS000000000002254 =005 20130612090616 =008 ***********************************Ind** =035 ##$$0010-061300000002254 =041 ##$$a Ind =082 ##$$a F Rom D =090 ##$$a F Rom D, Mah c =100 ##$$a Mahiev, Vincent =245 ##$$a CIS, Mahhiev Vincent ; penerjemah, H.B. Yasin =260 ##$$a 1976 $b Jakarta =300 ##$$a v, 186 hlm, 21 cm =650 ##$$a Fiksi Indonesia =700 ##$$a Yasin, H.B =850 ##$$a NBPNMAT =990 ##$$a 0001/BPAP-NTB/2015 =990 ##$$a 0001/BPAP-NTB/2015